Photoshop CS6 chuyên đề Ghép và chỉnh sửa tóc

Na minha lista:
Detalhes bibliográficos
Autor principal: Phạm, Quang Hiển
Outros Autores: Văn, Thị Tư
Formato: Livro
Idioma:Vietnamese
Publicado em: Hà Nội Từ điển Bách khoa 2013
Assuntos:
Tags: Adicionar Tag
Sem tags, seja o primeiro a adicionar uma tag!
Thư viện lưu trữ: Trung tâm Học liệu Lê Vũ Hùng, Trường Đại học Đồng Tháp
LEADER 00810pam a22002538a 4500
001 00040891
005 20180124150131.0
008 150825s2015 ||||||viesd
020 # # |c 74000 
041 0 # |a Vie 
082 1 4 |a 006.6  |b PH435C 
100 1 # |a Phạm, Quang Hiển 
245 1 0 |a Photoshop CS6 chuyên đề Ghép và chỉnh sửa tóc  |c Phạm Quang Hiển; Văn Thị Tư 
260 # # |a Hà Nội  |b Từ điển Bách khoa  |c 2013 
300 # # |a 303 tr.  |c 24 cm. 
653 # # |a Ghép 
653 # # |a Đồ họa 
653 # # |a phần mềm 
653 # # |a Photoshop 
653 # # |a Tự học 
700 1 # |a Văn, Thị Tư 
852 # # |j KD.0023152  |j KM.0024110 
910 0 # |a kchi  |d 24/01/2018 
980 # # |a Trung tâm Học liệu Lê Vũ Hùng, Trường Đại học Đồng Tháp